000
00281nam a22001217a 4500
020
_a
1590593561
082
_2
22
_a
005.133
100
_a
Pilgrim, Mark.
245
_a
Dive into python /
260
_b
CA, Apress,
_c
c2004.
300
_a
xviii, 413p. ;
_b
ill. ;
_c
23 cm.
942
_2
ddc
_c
IT
999
_c
1316
_d
1316